000 00501nam a2200181Ia 4500
005 20250508152342.0
008 008 250505s9999 xx 000 0 eng d
037 _aTextual
040 _aFEDL
_beng
_cFEDL
041 _aeng
_2eng
084 _a709, SOB
_qFEDL
100 _aSoby James Thrall
_9615606
245 0 _aModern art and the new past
260 _aNorman
_bUniversity of Oklahoma Press
_c1957
300 _axvii,217p
942 _cTEXL
_h709, SOB
999 _c1335860
_d1335860